000 00604nam a22002052 4500
001 0000001747
005 20151217155813.0
008 070326s xx 000 0 eng d
020 _a025321016X :
_cKES 2,260
040 _aKABU
_cKABU
050 0 _aHC800
_b.L49 1996
100 1 _aLeys, Colin.
_@0000150238
245 1 4 _aThe Rise and fall of development theory.
260 _aNairobi :
_bEAEP,
_c1996.
300 _aviii, 205 p.
651 0 _aAfrica, Sub-Saharan
_xEconomic conditions.
_@0000150749
908 _a070326
950 _@1
999 _c12636
_d12636